• 首页
  • 本馆介绍
  • 公告通知
  • 最新文献
  • 馆藏检索
  • 电子资源
  • 读者导购
  • 参考咨询
  • 我的图书馆
  • 登录
  • 详细信息显示
  • 放入我的书架
  • 预约/预借图书
  • 作者相关作品
  • 分类相关作品
  • 丛书相关作品
  • 出版社相关作品

书目信息

  • 表格格式
  • 工作单格式
  • 卡片格式
题名:
中国南北过渡带主要作物栽培
    
 
作者: 刘京宝 主编
分册:  
出版信息: 北京   中国农业科学技术出版社  2014.01
页数: 677页
开本: 26cm
丛书名:
单 册:
中图分类: S31
科图分类:
主题词: 作物--栽培技术--中国 , 作物 , 栽培技术
电子资源:
ISBN: 978-7-5116-1427-8
000 01156nam0 2200289 450
001 0120141249295
005 20140528104708.59
010    @a978-7-5116-1427-8@dCNY99.00
100    @a20140308d2014 em y0chiy0110 ea
101 0  @achi
102    @aCN@b110000
105    @ay z 000yy
106    @ar
200 1  @a中国南北过渡带主要作物栽培@9zhong guo nan bei guo du dai zhu yao zuo wu zai pei@f刘京宝[等]主编
210    @a北京@c中国农业科学技术出版社@d2014.01
215    @a677页@d26cm
300    @a国家“十二五”粮食丰产科技工程项目(2011BAD16B07,2012BAD04B07) 农业部公益性行业(农业)科研专项项目(201303033-09)
304    @a主编还有:刘祥臣,王晨阳,冯志峰
330    @a全书由9章组成。首先介绍了过渡带的定义,划分标准等内容。然后分章论述了水稻、小麦、玉米、油菜、紫去英、食用豆、马铃薯等的栽培技术。最后对主要作物病害、虫害、灾害性天气对作物生产的影响作了较为系统的归纳。
333    @a农业院校、科研单位、农技推广单位及生产者和有关人员
606 0  @a作物@x栽培技术@y中国
606 0  @a作物
606 0  @a栽培技术
690    @aS31@v5
701  0 @a刘京宝@9liu jing bao@4主编
801  0 @aCN@b人天书店@c20140308
905    @b547656-58@dS31@e44@f3
    
    中国南北过渡带主要作物栽培/刘京宝[等]主编.-北京:中国农业科学技术出版社,2014.01
    677页;26cm
    国家“十二五”粮食丰产科技工程项目(2011BAD16B07,2012BAD04B07) 农业部公益性行业(农业)科研专项项目(201303033-09).-使用对象:农业院校、科研单位、农技推广单位及生产者和有关人员
    
    ISBN 978-7-5116-1427-8:CNY99.00
    全书由9章组成。首先介绍了过渡带的定义,划分标准等内容。然后分章论述了水稻、小麦、玉米、油菜、紫去英、食用豆、马铃薯等的栽培技术。最后对主要作物病害、虫害、灾害性天气对作物生产的影响作了较为系统的归纳。
●
相关链接 在E读中查询图书 在五车中查询图书 在当当中查询图书 在豆瓣中查询图书


正题名:中国南北过渡带主要作物栽培     索取号:S31/44         预约/预借

序号 登录号 条形码 馆藏地/架位号 状态 备注
1 547656   205476563   第二样本阅览室/ [索取号:S31/44] 在馆    
2 547657   205476572   密集书库-生命科学系/ [索取号:S31/44] 在馆    
3 547658   205476581   第三借阅区/ [索取号:S31/44] 在馆    
唐山师范学院图书馆 欢迎您!
大连网信软件有限公司© 版权所有